000 00613nam a22001937a 4500
005 20251108175127.0
008 250721s2012 xx 000 0 ara d
082 1 4 _aط/155.232/طري
245 1 0 _a55 طريقة لتكون أكثر تأثيراً /
246 1 1 _a55 WAYS TO INFLUENCE PEOPLE
264 1 _aبيروت :
_bدار المستقبل الرقمي،
_c2012.
300 _a64 ص.
490 0 _aتطوير الذات للناشئة
650 1 7 _aالشخصية
650 1 7 _aالثقة بالنفس
653 _aناشئون صغار ( 10 - 14 سنة )
942 _2ddc
_cBK
999 _c126824
_d126824